Biometrics in identity management : (Record no. 609689)

000 -LEADER
fixed length control field 01876cam a2200337 a 4500
001 - CONTROL NUMBER
control field 17067731
003 - CONTROL NUMBER IDENTIFIER
control field NUST
005 - DATE AND TIME OF LATEST TRANSACTION
control field 20240612123158.0
008 - FIXED-LENGTH DATA ELEMENTS--GENERAL INFORMATION
fixed length control field 111202s2011 maua b 001 0 eng
010 ## - LIBRARY OF CONGRESS CONTROL NUMBER
LC control number 2011275439
020 ## - INTERNATIONAL STANDARD BOOK NUMBER
International Standard Book Number 9781608070176 (hbk.)
020 ## - INTERNATIONAL STANDARD BOOK NUMBER
International Standard Book Number 1608070174 (hbk.)
040 ## - CATALOGING SOURCE
Original cataloging agency DLC
Transcribing agency DLC
042 ## - AUTHENTICATION CODE
Authentication code pcc
050 00 - LIBRARY OF CONGRESS CALL NUMBER
Classification number TK7882.B56
Item number M63 2011
082 ## - DEWEY DECIMAL CLASSIFICATION NUMBER
Classification number 570.15195
Author Mark MOD
100 1# - MAIN ENTRY--PERSONAL NAME
Personal name Modi, Shimon K.
9 (RLIN) 123514
245 10 - TITLE STATEMENT
Title Biometrics in identity management :
Remainder of title concepts to applications /
Statement of responsibility, etc. Shimon K. Modi.
260 ## - PUBLICATION, DISTRIBUTION, ETC.
Place of publication, distribution, etc. Boston :
Name of publisher, distributor, etc. Artech House,
Date of publication, distribution, etc. c2011.
300 ## - PHYSICAL DESCRIPTION
Extent xiv, 263 p. :
Other physical details ill. ;
Dimensions 26 cm.
490 1# - SERIES STATEMENT
Series statement Information security and privacy series
504 ## - BIBLIOGRAPHY, ETC. NOTE
Bibliography, etc. note Includes bibliographical references and index.
505 0# - FORMATTED CONTENTS NOTE
Formatted contents note Ch. 1. Introduction -- Ch. 2. Fundamentals of technical evaluations -- Ch. 3. Fingerprint recognition -- Ch. 4. Face recognition -- Ch. 5. Iris recognition -- Ch. 6. Hand geometry recognition -- Ch. 7. Speaker recognition -- Ch. 8. Vascular pattern recognition -- Ch. 9. Dynamic signature verification -- Ch. 10. Keystroke dynamics, retina, DNA, and gait recognition -- Ch. 11. Multibiometric systems -- Ch. 12. Biometric standards -- Ch. 13. Biometric testing and evaluation programs -- Ch. 14. Designing and deploying biometric systems -- Ch. 15. Biometric system security -- Ch. 16. Privacy concerns in biometric applications.
650 #0 - SUBJECT ADDED ENTRY--TOPICAL TERM
Topical term or geographic name entry element Biometric identification.
650 #0 - SUBJECT ADDED ENTRY--TOPICAL TERM
Topical term or geographic name entry element Biometric identification
General subdivision Technological innovations.
9 (RLIN) 123515
650 #0 - SUBJECT ADDED ENTRY--TOPICAL TERM
Topical term or geographic name entry element Identification
General subdivision Data processing.
9 (RLIN) 123516
830 #0 - SERIES ADDED ENTRY--UNIFORM TITLE
Uniform title Artech House information security and privacy series.
9 (RLIN) 99507
906 ## - LOCAL DATA ELEMENT F, LDF (RLIN)
a 7
b cbc
c origres
d 2
e ncip
f 20
g y-gencatlg
942 ## - ADDED ENTRY ELEMENTS (KOHA)
Source of classification or shelving scheme
Koha item type Book
Holdings
Withdrawn status Lost status Source of classification or shelving scheme Damaged status Not for loan Permanent Location Current Location Date acquired Source of acquisition Total Checkouts Full call number Barcode Date last seen Price effective from Koha item type
          Central Library (CL) Central Library (CL) 06/12/2024 Donated by Emaan Saeed (347939)NBS 2020 Batch   570.15195 MOD CL-D-2618 06/13/2024 06/12/2024 Book
© 2023 Central Library, National University of Sciences and Technology. All Rights Reserved.